| 000 | 00500nam a2200181Ia 4500 | ||
|---|---|---|---|
| 008 | 090122s9999 xx 000 0 und d | ||
| 082 | _b12241 | ||
| 100 |
_aपाटील _bदशरथ |
||
| 245 | _aफुलवा | ||
| 260 |
_bश्रीकल्प _c2007 |
||
| 300 | _a248 | ||
| 501 | _aललित वितरण / बि. नं. 275-24.10.07 | ||
| 600 | _aपाटील | ||
| 630 | _aफुलवा | ||
| 700 | _aपाटील | ||
| 730 | _aफुलवा | ||
| 942 | _cBOOK | ||
| 999 |
_c36318 _d36318 |
||